书目信息 |
| 题名: |
乐队指挥法
|
|
| 作者: | 朴东生 著 | |
| 分册: | ||
| 出版信息: | 北京 人民音乐出版社 1997 |
|
| 页数: | 223页 | |
| 开本: | 20cm | |
| 丛书名: | ||
| 单 册: | ||
| 中图分类: | J615.2 | |
| 科图分类: | ||
| 主题词: | 乐队--指挥法 , 乐队 , 指挥法 | |
| 电子资源: | ||
| ISBN: | 7-103-01599-6 | |
| 000 | 00748nam0 2200253 450 | |
| 001 | 0198061307 | |
| 005 | 20070805114746.87 | |
| 010 | @a7-103-01599-6@dCNY13.40 | |
| 100 | @a20050926e20041997em y0chiy0110 ea | |
| 101 | 0 | @achi |
| 102 | @aCN@b110000 | |
| 105 | @ag z 000yy | |
| 200 | 1 | @a乐队指挥法@9yue dui zhi hui fa@f朴东生著 |
| 205 | @a修订版 | |
| 210 | @a北京@c人民音乐出版社@d1997@h2004重印 | |
| 215 | @a223页@d20cm | |
| 330 | @a本书内容包括:指挥的作用和应具备的条件、指挥动作的基本常识、指挥动作的基本技术、指挥动作的变化、暗示性动作等。 | |
| 606 | 0 | @a乐队@x指挥法 |
| 606 | 0 | @a乐队 |
| 606 | 0 | @a指挥法 |
| 690 | @aJ615.2@v4 | |
| 701 | 0 | @a朴东生@9pu dong sheng@4著 |
| 801 | 0 | @aCN@bNLC@c20070805 |
| 905 | @a10447@dJ615.2@e24=2 | |
| 乐队指挥法/朴东生著.-修订版.-北京:人民音乐出版社,1997(2004重印) |
| 223页;20cm |
| ISBN 7-103-01599-6:CNY13.40 |
| 本书内容包括:指挥的作用和应具备的条件、指挥动作的基本常识、指挥动作的基本技术、指挥动作的变化、暗示性动作等。 |
| ● |
| 相关链接 |
|
|
|
|
正题名:乐队指挥法
索取号:J615.2/24=2
 
预约/预借
| 序号 | 登录号 | 条形码 | 馆藏地/架位号 | 状态 | 备注 |
| 1 | 0804595 | 208045952 | 第一样本阅览室/ [索取号:J615.2/24=2] | 在馆 | |
| 2 | 0804596 | 208045961 | 第一借阅区/ [索取号:J615.2/24=2] | 在馆 | |
| 3 | 0804597 | 208045970 | 第一借阅区/ [索取号:J615.2/24=2] | 在馆 | |
| 4 | 0804598 | 208045989 | 第一借阅区/ [索取号:J615.2/24=2] | 在馆 | |
| 5 | 0804599 | 208045998 | 密集书库-音乐系/ [索取号:J615.2/24=2] | 在馆 |